| 000 | 00716nam a22002057a 4500 | ||
|---|---|---|---|
| 003 | OSt | ||
| 005 | 20251028070519.0 | ||
| 008 | 251028b |||||||| |||| 00| 0 eng d | ||
| 020 | _a978-971-0307-30-2 | ||
| 040 |
_aDWC-Main Lib. _cOC |
||
| 082 | _aFil. 268 C358 2008 | ||
| 245 | _aCatechism for Filipino Catholics/ | ||
| 260 |
_aManila : _bECCCE, _cc2008. |
||
| 300 |
_axxviii, 606 p. ; _c19 cm. |
||
| 504 | _aIncludes glossary. | ||
| 650 | _a1. Catholic church--Philippines--Catechism. | ||
| 650 | _a2. Catholic church--Philippines--Doctrines. I. Catholic Bishops' Conference of the Philippines (CBCP). | ||
| 760 | _bSpecial subsidized ed. | ||
| 942 |
_2ddc _cBK - FIL _eSpecial subsidized ed. _hFil. _n0 |
||
| 999 |
_c5248 _d5248 |
||